[Event "Buenos Aires Duchamp Memorial op 5th"]
[Site "Buenos Aires"]
[Date "2013.03.24"]
[Round "3"]
[White "Rodriguez Vila, Andres"]
[Black "Lopez Sant Andrea, Javier"]
[Result "1-0"]
[WhiteElo "2503"]
[BlackElo "2087"]
[PlyCount "64"]
[EventDate "2013.03.23"]
[EventType "swiss"]
[EventRounds "8"]
[EventCountry "ARG"]
[SourceTitle "CBM 153 Extra"]
[Source "ChessBase"]
[SourceDate "2013.04.22"]
[SourceVersion "1"]
[SourceVersionDate "2013.04.22"]
[SourceQuality "1"]

1. e4 c6 2. d4 d5 3. e5 c5 4. dxc5 Nc6 5. Bf4 e6 6. Nf3 Bxc5 7. Bd3 Nb4 8. Be2 Ne7 9. 0-0 Ng6 10. Bg3 Be7 11. Nbd2 0-0 12. Re1 Nc6 13. c4 a6 14. Rc1 dxc4 15. Nxc4 Qxd1 16. Rexd1 Nb4 17. Nb6 Rb8 18. a3 Nc6 19. b4 Rd8 20. h4 Rxd1+ 21. Rxd1 Bd8 22. Nc4 Bc7 23. Nd6 Bxd6 24. Rxd6 Nf8 25. Bxa6 Nxb4 26. Bb5 Nc6 27. Bxc6 bxc6 28. Nd4 c5 29. Nc6 Rb1+ 30. Kh2 Bd7 31. Ne7+ Kh8 32. Ra6 Rb8 1-0